000 00662nam a2200229Ia 4500
003 OSt
005 20230522154530.0
008 210423s2002 xx 000 0 und d
040 _cAL
041 _aeng
082 _a323
_223
_bIIHR
100 _aINDIAN INSTITUTE OF HUMAN RIGHTS
_9110649
245 _aHuman rights inglobal and regional perspectives
260 _aNew Delhi
_bIndian Institute of Human Rights
_c2002
300 _a1,135
365 _b250
_cINR
440 _v3.1
650 _aCivil & Political Rights
_9110650
650 _aPolitical Science
_9110651
906 _aHuman ; inglobal ; perspectives ; regional ; rights
942 _2ddc
_cBK
999 _c172746
_d172746